Т. 1: Главы 1-23; Жизнь Ленина

Бібліографічні деталі
Parent link:Жизнь Ленина: в 2 т./ Л. Фишер. Т. 1: Главы 1-23.— , 1997
Мова:Російська
Опубліковано: 1997
Предмети:
Формат: MixedMaterials Книга
KOHA link:https://koha.lib.tpu.ru/cgi-bin/koha/opac-detail.pl?biblionumber=10542

MARC

LEADER 00000nam2a2200000 4500
001 10542
005 20260425071716.0
010 |a 5300009717 
035 |a (RuTPU)RU\TPU\book\10603 
035 |a BOOK00010669 
090 |a 10542 
100 |a 20011209d1997 m y0rusy50 ca 
101 0 |a rus 
102 |a RU 
105 |a y z 000zb 
200 0 |a Т. 1: Главы 1-23 
210 |d 1997 
215 |a 480 с. 
461 1 |0 (RuTPU)RU\TPU\book\115291  |t Жизнь Ленина  |o в 2 т.  |f Л. Фишер  |v Т. 1: Главы 1-23  |d 1997 
600 1 |2 stltpui  |3 (RuTPU)RU\TPU\pers\1074  |a Ленин  |b В. И.  |c настоящая фамилия Ульянов  |c российский политический деятель  |f 1870-1924  |g Владимир Ильич  |9 486 
606 |7 ca  |8 rus  |a Ленин В. И.  |x Жизнь и деятельность  |9 89215 
610 1 |a история 
610 1 |a Россия 
610 1 |a персоналии 
610 1 |a 19 век 
610 1 |a 20 век 
610 1 |a биографии 
686 |a Т3(2)6-8Ленин35  |2 rubbk 
801 0 |a RU  |b 63413507  |c 20011209  |g PSBO 
801 2 |a RU  |b 63413507  |c 20061219  |g PSBO 
942 |c BK